000 00864cam a22002771 4500
001 26200
003 BD-RjUL
005 20211209051002.0
008 140320s1950 mau 000 0 eng d
035 _a(BD-RjUL)26270
035 _a(OCoLC)1315234
040 _aDLC
_cFM
_dOCoLC
_dUk
_dDLC
_dBD-RjUL
_beng
041 _aeng
082 0 0 _a943.086
_bCLG 1950
100 1 _aClay, Lucius D.
_q(Lucius DuBignon),
_d1897-1978.
_980539
245 1 0 _aGermany and the fight for freedom /
_c Lucius D Clay.
260 _aCambridge :
_bHarvard University Press,
_c1950.
300 _a83 p. ;
_c20 cm.
490 1 _aThe Godkin lectures at Harvard University,
_v1950
651 0 _aGermany
_xHistory
_y1945-
_980540
830 0 _v1950.
_980548
830 0 _aGodkin lectures at Harvard University ;
_918307
942 _2ddc
_cBK
999 _c26200
_d26200